مكتبة جامعة عجلون الوطنية

فهرس بحث المكتبة

ذاكرة الثورة العربية الكبرى ونهضة العرب: قراءات في جريدة القبلة، القسم الاول (Record no. 30338)

MARC details
000 -LEADER
fixed length control field 01074nam a2200217Ii 4500
003 - CONTROL NUMBER IDENTIFIER
control field JO-AjNU
008 - FIXED-LENGTH DATA ELEMENTS--GENERAL INFORMATION
fixed length control field 230605s9999||||xx |||||||||||||| ||und||
017 ## - COPYRIGHT OR LEGAL DEPOSIT NUMBER
Copyright or legal deposit number 2018/5/2326
040 ## - CATALOGING SOURCE
Original cataloging agency JO-AjNU
Language of cataloging ara
Description conventions rda
Transcribing agency JO-AjNU
041 ## - LANGUAGE CODE
Language code of text/sound track or separate title ara
050 14 - LIBRARY OF CONGRESS CALL NUMBER
Classification number DS39.A218.2018
100 3# - MAIN ENTRY--PERSONAL NAME
Personal name تاليق ابو الشعر، هند غسان؛ اشراف محمد عدنان البخيت، اشراف هند ابة الشعر,
Relator term author
9 (RLIN) 59483
245 00 - TITLE STATEMENT
Title ذاكرة الثورة العربية الكبرى ونهضة العرب: قراءات في جريدة القبلة، القسم الاول
264 31 - PRODUCTION, PUBLICATION, DISTRIBUTION, MANUFACTURE, AND COPYRIGHT NOTICE
Place of production, publication, distribution, manufacture عمان، مركز الوثائق والمخطوطات ودراسات بلاد الشام، 2018
300 ## - PHYSICAL DESCRIPTION
Extent القسم الاول: 431ص
Other physical details يحتوي على كشافات الاعلام من ص372-431
336 ## - CONTENT TYPE
Content type term text
Content type code txt
Source rdacontent
337 ## - MEDIA TYPE
Media type term unmediated
Media type code n
Source rdamedia
338 ## - CARRIER TYPE
Carrier type term volume
Carrier type code nc
Source rdacarrier
490 0# - SERIES STATEMENT
Series statement مصادر تاريخ الثورة العربية الكبرى2
650 #4 - SUBJECT ADDED ENTRY--TOPICAL TERM
Topical term or geographic name entry element الثورة العربية الكبرى-تاريخ
9 (RLIN) 59484
Holdings
Withdrawn status Lost status Source of classification or shelving scheme Damaged status Not for loan Home library Current library Shelving location Date acquired Total Checkouts Full call number Barcode Date last seen Price effective from Koha item type
    Library of Congress Classification     مكتبة جامعة عجلون الوطنية مكتبة جامعة عجلون الوطنية المراجع 06/06/2023   DS39.A218.2018 A26770 06/06/2023 06/06/2023 Reference